Personnages de la série Euphoria - Statistiques

Statistiques générales
  • Ce quiz a été pris 733 fois
  • Le résultat moyen est 10 sur 16
Statistiques - réponses
Par images Réponse % Correct
Rue Bennett
98%
Madeleine Perez
95%
Cassie Howard
93%
Jules Vaughn
91%
Nathaniel Jacobs
91%
Kat Hernandez
81%
Fezco
79%
Lexi Howard
73%
Ashtray
51%
Elliot
48%
Chris Mckay
47%
Gia Bennett
47%
Cal Jacobs
41%
Ali Muhammed
33%
Faye
29%
Leslie Bennett
27%
Aucun quiz correspondant
Distribution des résultats
% des personnes avec chaque résultat
Percentile par nombre de réponses
Votre historique - résultats
Vous n’avez pas pris ce quiz